Prawe dopływy Wisły - nagła śmierć - Statystyki

Ogólne statystyki
  • Ten quiz został rozwiązany 3 366 razy
    3 354 od ostatniego zresetowania
  • Średni wynik to 3 z 9
Answers on the Grid
Answers color-coded by a green-red scale on the quiz's grid according to % correct below.
Nysa Kłodzka
Oława
Ślęża
Bystrzyca
Kaczawa
Bóbr
Nysa Łużycka
Mała Panew
Stobrawa
Widawa
Barycz
Warta
Nida
Kamienna
Pilica
Radomka
Bzura
Wierzyca
Wda
Brda
Raba
Dunajec
San
Wisłoka
Wieprz
Skrwa
Narew
Drwęca
Liwa
Łyna
Pasłęka
Ina
 
Statystyki odpowiedzi
Odpowiedź % Poprawnych
San
59%
Narew
48%
Wieprz
47%
Dunajec
44%
Wisłoka
38%
Raba
21%
Drwęca
20%
Skrwa
13%
Liwa
12%
Nie znaleziono quizów pasujących do podanych kryteriów
Rozkład punktacji
Procent ludzi z każdym wynikiem
Percentyl według liczby udzielonych odpowiedzi
Twoja historia wyników
Nie rozwiązałeś tego quizu od ostatniego zresetowania